Detalles MARC
| 000 -CABECERA |
| campo de control de longitud fija |
01721nam a2200325 i 4500 |
| 001 - NÚMERO DE CONTROL |
| campo de control |
000003711 |
| 003 - IDENTIFICADOR DEL NÚMERO DE CONTROL |
| campo de control |
DO-SdBNP |
| 005 - FECHA Y HORA DE LA ÚLTIMA TRANSACCIÓN |
| campo de control |
20250704121445.0 |
| 007 - CAMPO FIJO DE DESCRIPCIÓN FÍSICA--INFORMACIÓN GENERAL |
| campo de control de longitud fija |
ta |
| 008 - DATOS DE LONGITUD FIJA--INFORMACIÓN GENERAL |
| campo de control de longitud fija |
090713t2008 dr ac 001 0 spa d |
| 040 ## - FUENTE DE LA CATALOGACIÓN |
| Centro catalogador/agencia de origen |
DO-SdBNP |
| Lengua de catalogación |
spa |
| Centro/agencia transcriptor |
BNPHU |
| Normas de descripción |
rda |
| 041 ## - CÓDIGO DE LENGUA |
| Código de lengua del texto/banda sonora o título independiente |
spa |
| 082 #4 - NÚMERO DE LA CLASIFICACIÓN DECIMAL DEWEY |
| Número de clasificación |
972.93 |
| Número de documento/Ítem |
C531s 2008 |
| Número de edición |
22 |
| 100 1# - ENTRADA PRINCIPAL--NOMBRE DE PERSONA |
| Nombre de persona |
Chez Checo, José, |
| Fechas asociadas al nombre |
1949- |
| Término indicativo de función/relación |
autor |
| Código de función/relación |
aut. |
| 9 (RLIN) |
10145 |
| 245 10 - MENCIÓN DE TÍTULO |
| Título |
Sobre libros de historia II : |
| Resto del título |
1997-2007 / |
| Mención de responsabilidad, etc. |
José Chez Checo. |
| 264 #1 - PRODUCCIÓN, PUBLICACIÓN, DISTRIBUCIÓN, FABRICACIÓN Y COPYRIGHT |
| Producción, publicación, distribución, fabricación y copyright |
Santo Domingo, República Dominicana : |
| Nombre del de productor, editor, distribuidor, fabricante |
Editora Búho, |
| Fecha de producción, publicación, distribución, fabricación o copyright |
2008. |
| 300 ## - DESCRIPCIÓN FÍSICA |
| Extensión |
158 páginas : |
| Otras características físicas |
ilustraciones ; |
| Dimensiones |
20 cm. |
| 336 ## - TIPO DE CONTENIDO |
| Término de tipo de contenido |
texto |
| Código de tipo de contenido |
txt |
| Fuente |
rdacontent |
| 337 ## - TIPO DE MEDIO |
| Nombre/término del tipo de medio |
sin mediación |
| Código del tipo de medio |
n |
| Fuente |
rdamedia |
| 338 ## - TIPO DE SOPORTE |
| Nombre/término del tipo de soporte |
volumen |
| Código del tipo de soporte |
n |
| Fuente |
rdacarrier |
| 490 0# - MENCIÓN DE SERIE |
| Mención de serie |
Colección Historia Total |
| Designación de volumen o secuencia |
14 |
| 500 ## - NOTA GENERAL |
| Nota general |
Incluye datos biográficos del autor en las páginas 155-158 |
| 500 ## - NOTA GENERAL |
| Nota general |
Incluye referencias bibliograficas y notas al pie de las páginas. |
| 505 0# - NOTA DE CONTENIDO CON FORMATO |
| Nota de contenido con formato |
Elogio / |
| Mención de responsabilidad |
María Ugarte -- |
| Título |
Epílogo. Memoria de una tertulia: Homenaje a Juan Bosch -- |
| -- |
Mons. Arnaiz en la mente y en el corazón / |
| -- |
Mons. Bello Peguero y dos obras de José Luis Záez, S.J. -- |
| -- |
Sabor a caña / |
| Mención de responsabilidad |
Antonio Cabezas -- |
| Título |
Relatos y crónicas de Constanza / |
| Mención de responsabilidad |
Constancio Cassá -- |
| Título |
Dos obras de Julio Portillo -- |
| -- |
Balaguer y yo : la historia / |
| Mención de responsabilidad |
Víctor Gómez Bergés -- |
| Título |
Vivencias de un guerrillero / |
| Mención de responsabilidad |
Rafael Pérez Modesto -- |
| Título |
Ensayos sobre la guerra restauradora -- |
| -- |
Carnaval popular dominicano / |
| Mención de responsabilidad |
Mariano Hernández y Dagoberto Tejada Ortíz -- |
| Título |
Del autor. |
| 590 ## - NOTA LOCAL (RLIN) |
| Nota local |
Inventariado, 2025/BT |
| 650 #4 - PUNTO DE ACCESO ADICIONAL DE MATERIA--TÉRMINO DE MATERIA |
| Término de materia o nombre geográfico como elemento de entrada |
Libros |
| Subdivisión de forma |
Reseñas |
| 9 (RLIN) |
10697 |
| 651 #4 - PUNTO DE ACCESO ADICIONAL DE MATERIA--NOMBRE GEOGRÁFICO |
| Nombre geográfico |
República Dominicana |
| Subdivisión general |
Historia |
| -- |
Ensayos, conferencias, etc. |
| 9 (RLIN) |
7095 |
| 910 ## - DATOS DE OPCIÓN DEL USUARIO (OCLC) |
| Datos de opción del usuario |
Validado. Control de calidad EMS. |
| 942 ## - ELEMENTOS DE PUNTO DE ACCESO ADICIONAL (KOHA) |
| Fuente del sistema de clasificación o colocación |
Dewey Decimal Classification |
| Tipo de ítem Koha |
Libro |